| 000 | 01029nam a2200229 4500 | ||
|---|---|---|---|
| 001 | 158280 | ||
| 003 | ES-MaACL | ||
| 005 | 20230906211103.0 | ||
| 008 | 950111m18851908fr |||| | fre d | ||
| 040 |
_aEUS _bspa _cEUS |
||
| 100 | 1 |
_aLyall, Alfred Comyn. _9129167 |
|
| 245 | 1 | 0 |
_aEtudes sur les moeurs religieuses et sociales de l'Extrême-Orient / _cpar Alfred C. Lyall ; traduit de l'anglais avec l'autorisation de l'auteur [René de Kerallain]. |
| 260 |
_aParis : _bErnest Thorin, _c1885 ( _fImprimerie A. Chauviv et Fils : Imprimerie Bussière) |
||
| 300 |
_a3 v. ; _c23 cm. |
||
| 490 | 1 | _aBibliothèque de L'Histoire du Droit et des Institutions. 3, 16, 17 | |
| 597 | _aT.2 en 2 v. | ||
| 700 | 1 |
_aKerallain, René de. _9128447 |
|
| 830 | 0 |
_aBibliothèque de L'Histoire du Droit et des Institutions. 3, 16, 17 _9221844 |
|
| 852 |
_aES-MaACL _jF-12728 _z-- Enc. pasta española _q-- Sólo t.I (LXIV, 534 p.) _x-- Edic.: La imprimerie A. Chauvin et fils es de Toulouse |
||
| 999 |
_c158280 _d158280 |
||